000 00670nam a2200181Ia 4500
008 100917s9999 xx 000 0 und d
082 _b27813
100 _aमहाम्बरे अरुंधती
245 _aभारतीय कुमारांच्या साहस कथा
260 _bरूचि प्रकाशन
_c1975
300 _a73
365 _b4.5
520 _aबालविभाग
630 _aभारतीय कुमारांच्या साहस कथा
650 _aबालविभाग
730 _aभारतीय कुमारांच्या साहस कथा
942 _cBOOK
999 _c633207
_d633204